000
00305nam a22001337a 4500
003
SGT
020
_a
9780367778743
082
_a
363.25
_b
DAL
100
_a
DALZ HILLARY MOSES
245
_a
FUNDAMENTALS OF FINGERPRINT ANALYSIS
260
_a
LONDON
_b
CRC PRESS
_c
2020
300
_a
353
942
_2
ddc
_c
BK
999
_c
34722
_d
34722